Представление документа в формате RUSMARC

ПолеНазваниеЗначение
  Тип записи a
  Библиографический уровень m
001 Контрольный номер RU/SLIB/B/208769703
005 Дата корректировки 20260428163905.1
010 Индекс ISBN __
d Цена 1-60
101 Язык документа 0_
a Язык текста rus
200 Заглавие и сведения об ответственности 1_
a Заглавие Горячий снег
f Первые сведения об ответственности Ю. В. Бондарев
b Общее обозначение материала Текст
210 Выходные данные 1_
a Место издания М.
c Издательство Современник
d Дата издания 1981
215 Физическое описание __
a Объем 383 с.
606 Тематические рубрики __
a Основная рубрика Художественная литература
606 Тематические рубрики __
a Основная рубрика Русская литература XX в. (произведения)
610 Ключевые слова 0_
a Ключевые слова романы; проза
686 Индексы других классификаций __
a Классификационный индекс 84(2Рос=Рус)6-4; ст84(2Рос=Рус)6-4
700 Автор _1
a Фамилия Бондарев
b Имя Ю. В.
4 Код отношения 070
801 Источник записи _0
a Страна RU
b Организация Муниципальное бюджетное учреждение культуры "Централизованная библиотечная система" г. Сургут (Центральная городская библиотека им. А. С. Пушкина)
g Правила каталогизации КиК/Михайлова
801 Источник записи _1
a Страна RU
b Организация Муниципальное бюджетное учреждение культуры "Централизованная библиотечная система" г. Сургут (Центральная городская библиотека им. А. С. Пушкина)
g Правила каталогизации КиК/Михайлова
852 Данные о местонахождении __
j Шифр хранения 84(2Рос=Рус)6-4
i Авторский знак Б 81
p Инвентарный номер 7873
901 Тип документа __
t Тип документа m
990 Данные о заказе (DOS) __
j Количество экземпляров (DOS) 1
t N записи в КСУ для И/У (DOS) ретро